Slavonic dances

Hlavní autor: Dvořák, Antonín, 1841-1904
Další autoři: Ardašev, Igor, 1967-, Ardaševová, Renata, 1969-
Jazyk: Angličtina
Vydáno: Praha : Supraphon Records, p1995
Témata:
Fyzický popis: 1 CD : stereo, DDD ; 12 cm + 1 brožura (7 s.).
Zvukové nahrávky
Uloženo v:
LEADER 01190njm a2200325 a 4500
001 000292542
003 CZ BrMZK
005 19950101143423.0
008 950101s1995 xr f eng d
028 0 3 |a SU 0001-2 131  |b Supraphon Records 
040 |a BOA001  |b cze 
080 |a 786.2.085(086.7)  |2 MRF 
100 1 |a Dvořák, Antonín,  |d 1841-1904  |7 jn19981000826  |4 cmp 
245 1 0 |a Slavonic dances  |h [zvukový záznam] /  |c Antonín Dvořák. 
246 3 3 |a Slovanské tance 
260 |a Praha :  |b Supraphon Records,  |c p1995 
300 |a 1 CD :  |b stereo, DDD ;  |c 12 cm +  |e 1 brožura (7 s.). 
306 |a 010431 
500 |a Durata 64:31 
500 |a Text v brožuře vícejaz. 
500 |a Nahr. 1994 
505 0 |a Series I, Op. 46, Series II, Op. 72. 
511 0 |a Igor Ardašev, klavír; Renata Ardaševová, klavír 
653 0 |a klavírní stylizované tance 
700 1 |a Ardašev, Igor,  |d 1967-  |7 jn19990210060  |4 prf 
700 1 |a Ardaševová, Renata,  |d 1969-  |7 pna2006337877  |4 prf  |1 969- 
910 |a BOA001  |b CD-0003.466 
964 |a Klavír  |x tance stylizované  |x CD 
990 |a AV 
996 6 |b 261H003502  |c CD-0003.466  |l MZK  |r Sklad / do 24 hodin  |n 2  |w 000292542  |u 000010  |a 1  |e BOA001  |j MZK50  |s P